[Event "Collado Villalba op-B 34th"]
[Site "Collado Villalba"]
[Date "2017.08.27"]
[Round "6"]
[White "Olmedo Aznar, Eduardo"]
[Black "Aguilera Alonso, Hector"]
[Result "1-0"]
[WhiteElo "1542"]
[BlackElo "1574"]
[PlyCount "97"]
[EventDate "2017.08.22"]
[EventType "swiss"]
[EventRounds "9"]
[EventCountry "ESP"]
[SourceTitle "CBM 180 Extra"]
[Source "ChessBase"]
[SourceDate "2017.10.06"]
[SourceVersion "1"]
[SourceVersionDate "2017.10.06"]
[SourceQuality "1"]

1. e4 e5 2. Nf3 Nf6 3. Nxe5 d6 4. Nxf7 Kxf7 5. d4 Bg4 6. Bc4+ Ke8 7. Qd3 Nc6 8. 0-0 Nb4 9. Qb3 d5 10. exd5 Nfxd5 11. a3 Nxc2 12. Qxc2 c6 13. Qe4+ Kd7 14. Qxg4+ Kc7 15. Bf4+ Nxf4 16. Qxf4+ Bd6 17. Qf7+ Kb6 18. a4 a6 19. Qe6 Re8 20. Qg4 Qf6 21. Nc3 h5 22. Qd1 g5 23. Re1 Rxe1+ 24. Qxe1 Qg6 25. Qe6 Qxe6 26. Bxe6 Rd8 27. d5 c5 28. Ne4 Be7 29. Rc1 h4 30. g3 a5 31. Kg2 hxg3 32. fxg3 Ka7 33. Nxc5 Bd6 34. Ne4 Be7 35. Rc7 Bd6 36. Nxd6 Rxd6 37. Rg7 Ka6 38. Rxg5 b5 39. axb5+ Kxb5 40. Rg4 Kc5 41. Rf4 Rd8 42. h4 Rb8 43. Rf2 Kd6 44. h5 Rb4 45. h6 Rb8 46. h7 Rh8 47. Bg8 Ke5 48. Rf7 Kd6 49. g4 1-0